[Event "48th ch-BLR w"]
[Site "Minsk BLR"]
[Date "2004.02.28"]
[Round "9"]
[White "Savushkina,E"]
[Black "Bondar,T"]
[Result "1-0"]
[WhiteElo "2053"]
[BlackElo "2129"]

1.e4 d6 2.d4 Nf6 3.Nc3 Nbd7 4.g3 e5 5.Nge2 Be7 6.Bg2 c6 7.a4 O-O 8.O-O b6
9.h3 Qc7 10.Be3 a6 11.g4 Rd8 12.Ng3 Nf8 13.g5 Ne8 14.Nf5 Bxf5 15.exf5 f6
16.d5 c5 17.h4 Rdb8 18.Qe2 Qd7 19.Bh3 Ra7 20.Kh2 Qd8 21.Rg1 Nd7 22.Ne4 Rab7
23.Bg4 b5 24.axb5 axb5 25.Bh5 Kf8 26.Qg4 c4 27.Bxe8 Qxe8 28.gxf6 Bxf6 29.Nxd6 Qe7
30.Nxb7 Rxb7 31.Ra8+ Rb8 32.Rga1 Qd6 33.R1a6 Qxd5 34.R8a7 Rb7 35.Qh5 Rxa7
36.Bxa7 e4 37.Qxh7 Ne5 38.Qh8+ Ke7 39.Re6+ Kd7 40.Qe8+ Kc7 41.Bb8+ Kb7 42.Bxe5 Bxe5+
43.Rxe5  1-0

[Event "20th Open"]
[Site "Cappelle la Grande FRA"]
[Date "2004.03.02"]
[Round "5"]
[White "Tissir,M"]
[Black "Paleologu,V"]
[Result "1-0"]
[WhiteElo "2436"]
[BlackElo "2131"]

1.e4 d6 2.d4 Nf6 3.Nc3 c6 4.Nf3 Bg4 5.h3 Bh5 6.g4 Bg6 7.Qe2 e6 8.h4 h5 9.g5 Nfd7
10.Bd2 Be7 11.O-O-O d5 12.Ng1 b5 13.f3 b4 14.Nb1 Qa5 15.Nh3 Qxa2 16.Nf4 Nb6
17.b3 Bh7 18.g6 fxg6 19.Nxe6 N8d7 20.Nxg7+ Kf7 21.exd5 g5 22.Bxg5 Bxg5+ 23.hxg5 Rhe8
24.Nxe8 Rxe8 25.Qd2 Nxd5 26.Bd3 Bxd3 27.Qxd3 Kg8 28.Rde1 Rxe1+ 29.Rxe1 Qa1
30.Qf5 Qxd4 31.Re8+  1-0

[Event "20th Open"]
[Site "Cappelle la Grande FRA"]
[Date "2004.03.03"]
[Round "6"]
[White "Hauchard,A"]
[Black "Seret,JL"]
[Result "0-1"]
[WhiteElo "2499"]
[BlackElo "2315"]

1.d4 d6 2.e4 Nf6 3.Nc3 Nbd7 4.Nf3 e5 5.Bc4 Be7 6.O-O O-O 7.Re1 c6 8.a4 b6
9.b3 Bb7 10.Bb2 a6 11.Qd2 Qc7 12.Rad1 Rad8 13.Bd3 Rfe8 14.Ne2 Bf8 15.Ng3 g6
16.h4 Bg7 17.h5 Ng4 18.Qg5 Ndf6 19.dxe5 dxe5 20.Qh4 Bc8 21.Bc1 b5 22.h6 Bf8
23.Bg5 Be7 24.Nd2 Qa7 25.Re2 Nxf2 26.Rxf2 Ng4 27.Bxe7 Rxd3 28.cxd3 Qxf2+
29.Kh1 Qf4 30.Rf1 Qxd2 31.axb5 Rxe7 32.Nh5 Qxh6  0-1

[Event "20th Open"]
[Site "Cappelle la Grande FRA"]
[Date "2004.03.04"]
[Round "7"]
[White "Gouliev,N"]
[Black "Cieza,A"]
[Result "1-0"]
[WhiteElo "2453"]
[BlackElo "2241"]

1.e4 d6 2.d4 Nf6 3.Nc3 c6 4.Nf3 Bg4 5.h3 Bh5 6.Be2 Bxf3 7.Bxf3 e5 8.O-O Be7
9.b3 Nbd7 10.Bb2 O-O 11.g3 g6 12.Bg2 Nh5 13.Qd2 Qc7 14.Rad1 Rad8 15.Ne2 c5
16.dxe5 dxe5 17.f4 c4 18.Kh1 Nb6 19.Qc3 Bf6 20.fxe5 Bh8 21.g4 Rde8 22.gxh5 Bxe5
23.Nd4 Qe7 24.Qf3 Rc8 25.Qg4 Kh8 26.hxg6 fxg6 27.Rxf8+ Rxf8 28.Bc1 Rd8 29.Bg5 Bf6
30.Bxf6+ Qxf6 31.c3 cxb3 32.axb3 Re8 33.Rf1 Qe7 34.Qf4 Nd7 35.Qf7 Ne5 36.Qxe7 Rxe7
37.Rf6 Nd3 38.Ne6 Re8 39.Nc7 Rc8 40.Nd5 Kg7 41.Re6 Rf8 42.e5 Rf7 43.Re8 Rf8
44.Rxf8 Kxf8 45.e6 Nc5 46.e7+ Kf7 47.b4 Na4 48.Kh2 a5 49.bxa5 Nc5 50.Kg3 Nb3
51.a6 bxa6 52.Bf1 Nc5 53.Kf4 a5 54.Bb5 Ne6+ 55.Ke5 Ng7 56.c4  1-0

[Event "20th Open"]
[Site "Cappelle la Grande FRA"]
[Date "2004.03.04"]
[Round "7"]
[White "Spoelman,W"]
[Black "Pridorozhni,A"]
[Result "1/2-1/2"]
[WhiteElo "2239"]
[BlackElo "2493"]

1.e4 d6 2.d4 Nf6 3.Nc3 e5 4.Nf3 Nbd7 5.Bc4 Be7 6.O-O O-O 7.a4 c6 8.Re1 b6
9.Bg5 Bb7 10.Ba2 a6 11.Qd3 b5 12.axb5 axb5 13.Bxf6 Bxf6 14.d5 Nc5 15.Qf1 b4
16.dxc6 Bxc6 17.Nd5 Nxe4 18.Nxb4 Qb6 19.Nxc6 Qxc6 20.Qc4 Nc5 21.b4 e4 22.Nd4 Bxd4
23.Qxd4 Ne6 24.Bxe6 fxe6 25.Rxa8 Rxa8 26.h3 d5 27.c4 Kf7 28.b5 Qxc4 29.Qxc4 dxc4
30.Rxe4 Rc8 31.b6 c3 32.b7 Rb8 33.Rc4 Rxb7 34.Rxc3 Kf6 35.Rc4 Rb1+ 36.Kh2 Rb2
37.f3 h6 38.h4 Rd2 39.Rf4+ Ke5 40.Rg4 Rd7 41.Kg3 Kf6 42.Rf4+ Ke7 43.Rg4 Kf7
44.Rf4+ Kg8 45.Re4 Rd6 46.h5 Rd5 47.Kh4 Kf7 48.Rf4+ Ke7 49.Rg4 Kf6 50.Rg6+ Kf7
51.g4 Ra5 52.Kg3 Rg5 53.Rxg5 hxg5 54.Kf2 Kf6 55.Ke2 e5 56.Ke3 Ke7 57.Ke4 Ke6
58.Kd3  1/2-1/2

[Event "TCh-SWE 2003-4"]
[Site "Goteborg SWE"]
[Date "2004.03.14"]
[Round "11"]
[White "Backelin,R"]
[Black "Ikonic,B"]
[Result "1-0"]
[WhiteElo "2292"]
[BlackElo "2295"]

1.e4 d6 2.d4 Nf6 3.Nc3 e5 4.Nf3 Nc6 5.Bb5 Bd7 6.O-O Be7 7.Re1 exd4 8.Nxd4 O-O
9.Bf1 Re8 10.b3 Bf8 11.Bb2 g6 12.f3 Bg7 13.Nde2 Nh5 14.Qd2 f5 15.Rab1 Kh8
16.exf5 gxf5 17.Nd5 Ne5 18.f4 Ng4 19.Bxg7+ Nxg7 20.h3 Nh6 21.c4 c6 22.Ndc3 Nf7
23.Qd4 Qh4 24.Kh2 Re6 25.Ng3 Rg6 26.Nh1 Ne5 27.Qd2 Ng4+ 28.Kg1 Rg8 29.hxg4 Rh6
30.g5 Qxh1+ 31.Kf2 Rh4 32.Re7 Be8 33.Ne2 Rg4 34.Qxd6 Rxg2+ 35.Bxg2 Qxb1 36.Rxb7 Qxa2
37.Bf3 a5 38.Qe5 Bg6 39.Bxc6 Bh5 40.Bd5 Bxe2 41.Bxg8  1-0

[Event "21st Open"]
[Site "Reykjavik ISL"]
[Date "2004.03.16"]
[Round "9"]
[White "Pedersen,NV"]
[Black "Ardaman,M"]
[Result "1-0"]
[WhiteElo "2510"]
[BlackElo "2307"]

1.e4 d6 2.d4 Nf6 3.Nc3 c6 4.f4 Qa5 5.e5 Ne4 6.Qf3 Nxc3 7.Bd2 Na6 8.Qxc3 Qb6
9.a4 Bd7 10.exd6 exd6 11.O-O-O Be7 12.Re1 Kd8 13.Nf3 h6 14.Bc4 Rf8 15.Qa3 c5
16.a5 Qc6 17.Bxa6 bxa6 18.dxc5 Rc8 19.Be3 Re8 20.Rd1 Bf8 21.Rd2 Re4 22.Bd4 Rxf4
23.Rhd1 f6 24.Kb1 Rc7 25.Qb3 Re4 26.cxd6 Rb7 27.Qa3 Qb5 28.Rd3 Be6 29.Re3 Bd5
30.Rxe4 Bxe4 31.Qe3 Bg6 32.Bc3 Qc4 33.Nd4 Bf7 34.Qf3 Kc8 35.d7+ Rxd7 36.Qa8+ Kc7
37.Qxf8 Qa2+ 38.Kc1 Qa1+ 39.Kd2 Rxd4+ 40.Bxd4 Qxa5+ 41.b4 Qg5+ 42.Kc3  1-0

[Event "TCh-AUT 2003-4"]
[Site "Jenbach AUT"]
[Date "2004.03.18"]
[Round "8"]
[White "Grabher,H"]
[Black "Wegerer,F"]
[Result "0-1"]
[WhiteElo "2234"]
[BlackElo "2203"]

1.e4 d6 2.d4 Nf6 3.Nc3 e5 4.Nf3 Nbd7 5.Bc4 Be7 6.O-O O-O 7.Qe2 c6 8.a4 Qc7
9.b3 exd4 10.Nxd4 Ne5 11.Bd3 Re8 12.Bf4 Ng6 13.Bg3 Ng4 14.Qd2 Bf6 15.Nde2 N4e5
16.Rad1 h5 17.h3 h4 18.Bh2 Bxh3 19.Kh1 Bg4 20.f3 Bh5 21.Nf4 Nxf4 22.Bxf4 Rad8
23.Be2 Qe7 24.Qe3 b6 25.Rd2 Ng6 26.Bh2 d5 27.Qf2 Bxc3  0-1

[Event "TCh-AUT 2003-4"]
[Site "Jenbach AUT"]
[Date "2004.03.20"]
[Round "10"]
[White "Kuba,G"]
[Black "Weiss,C"]
[Result "0-1"]
[WhiteElo "2339"]
[BlackElo "2389"]

1.e4 d6 2.d4 Nf6 3.Nc3 Nbd7 4.g3 e5 5.Nge2 c6 6.Bg2 b5 7.a3 Bb7 8.O-O Be7
9.h3 a5 10.d5 Nc5 11.Be3 b4 12.Bxc5 bxc3 13.Be3 cxd5 14.exd5 cxb2 15.Rb1 O-O
16.Rxb2 Ba6 17.Re1 Nd7 18.Qd2 f5 19.f4 Bf6 20.Rbb1 Rc8 21.fxe5 Bxe5 22.Bf4 Bxe2
23.Rxe2 Rc4 24.Rb5 a4 25.Rb4 Qc7 26.Bf1 Rc3 27.Rxa4 h6 28.Bg2 Rf6 29.Ra8+ Kh7
30.Re8 Rg6 31.Kh2 Rxa3 32.Re7 Qd8 33.Rf7 Rf6 34.Rxf6 Qxf6 35.Qb4 Ra1 36.Qb7 Bxf4
37.gxf4 Nc5 38.Qb4 Rd1 39.Rd2 Re1 40.Qc4 Qh4 41.Re2 Rxe2 42.Qxe2 Qxf4+ 43.Kh1 Qe5
44.Qd1 Kg6 45.Kg1 Kf6 46.Kh1 Ne4 47.Kg1 Nc3 48.Qd3 Ne2+  0-1

[Event "14th Asian Cities"]
[Site "Tagaytay City PHI"]
[Date "2004.03.21"]
[Round "1"]
[White "Yu Shaoteng"]
[Black "Faraj,Y"]
[Result "1-0"]
[WhiteElo "2490"]
[BlackElo "2221"]

1.e4 d6 2.d4 Nf6 3.Nc3 c6 4.Nf3 Bg4 5.h3 Bh5 6.Qe2 Bxf3 7.Qxf3 e5 8.dxe5 dxe5
9.Bc4 Nbd7 10.O-O b5 11.Be2 Be7 12.a4 b4 13.Nb1 O-O 14.Rd1 Qc7 15.Nd2 Nc5
16.b3 Ne6 17.Bb2 Bc5 18.Bd3 Bd4 19.Bxd4 Nxd4 20.Qe3 Rad8 21.Nc4 Rfe8 22.a5 Re6
23.Qe1 Qe7 24.Ra4 Rb8 25.Qe3 Qc5 26.a6 Rd8 27.Na5 Rb8 28.Nb7 Qb6 29.Ra5 Nd7
30.Rda1 Rf6 31.Qd2 Rg6 32.Kh2 Rf6 33.R5a4 c5 34.Rf1 Qc7 35.Raa1 Re8 36.Na5 Nb6
37.c3 bxc3 38.Qxc3 Rc8 39.Rac1 Qd7 40.f3 h6 41.Rf2 Qe7 42.Bf1 Rg6 43.Qe3 Qh4
44.f4 exf4 45.Qxf4 Qe7 46.e5 Rg5 47.Nc4  1-0

[Event "Windesheim Open Weekender"]
[Site "Zwolle NED"]
[Date "2004.03.21"]
[Round "6"]
[White "Kazhgaleyev,M"]
[Black "Georgiev,Vl"]
[Result "0-1"]
[WhiteElo "2568"]
[BlackElo "2563"]

1.d4 d6 2.e4 Nf6 3.Nc3 e5 4.Nge2 Be7 5.g3 c6 6.a4 exd4 7.Qxd4 Na6 8.Bg2 d5
9.exd5 Nb4 10.Qd1 cxd5 11.O-O O-O 12.h3 Bf5 13.Nd4 Bg6 14.Nce2 Rc8 15.c3 Nd3
16.Nf4 Nxf4 17.Bxf4 Ne4 18.Qb3 Qd7 19.Qb5 Rfd8 20.Qxd7 Rxd7 21.Rfd1 Bc5 22.h4 Re8
23.Re1 Rde7 24.Rad1 Kf8 25.Re3 h6 26.f3 Nf6 27.Rxe7 Bxe7 28.g4 Bc5 29.b4 Be7
30.h5 Bh7 31.a5 Rc8 32.Ne2 Bc2 33.Rd2 Bb3 34.Kf2 Ne8 35.Be3 a6 36.Rb2 Ba4
37.Bd4 Nd6 38.Nf4 Bc6 39.Bc5 Nb5 40.Bxe7+ Kxe7 41.Rc2 Kd6 42.Bf1 Nc7 43.Bd3 Ne6
44.Ne2 Ba4 45.Rc1 Bb3 46.Ke3 Bc4 47.Nd4 Bxd3 48.Kxd3 Nxd4 49.Kxd4 Rc4+ 50.Kd3 Rf4
51.Ke3 Ke5 52.Rd1 Rc4 53.Kd3 Kf4 54.Rf1 g5 55.hxg6 fxg6 56.Rh1 Kg5 57.Re1 Rc7
58.Kd4 Kf4 59.Re6 Rg7 60.Rf6+ Kg5 61.Rd6 Kf4 62.Rf6+ Kg3 63.Kxd5 h5 64.gxh5 gxh5
65.Rh6 h4 66.Kc5 Rc7+ 67.Kb6 Rc6+ 68.Rxc6 bxc6 69.Kxa6 h3 70.Kb7 h2 71.a6 h1=Q
72.a7 Qh7+ 73.Kb8 Qh8+ 74.Kb7 Qg7+ 75.Kb8 Qxc3 76.a8=Q Qxb4+ 77.Kc7 c5  0-1

[Event "14th Asian Cities"]
[Site "Tagaytay City PHI"]
[Date "2004.03.24"]
[Round "5"]
[White "Bitoon,R"]
[Black "Gonzales,Jay"]
[Result "1/2-1/2"]
[WhiteElo "2430"]
[BlackElo "2403"]

1.e4 d6 2.d4 Nf6 3.Nc3 c6 4.Nf3 Bg4 5.Be2 e6 6.O-O Be7 7.h3 Bh5 8.Be3 d5
9.exd5 Bxf3 10.Bxf3 exd5 11.Qd3 O-O 12.Ne2 Bd6 13.b3 Nbd7 14.c4 Re8 15.Nc3 dxc4
16.bxc4 Bb4 17.Rfd1 Qa5 18.Ne4 Nxe4 19.Bxe4 Nf6 20.Bf3 Bd6 21.Rab1 Qc7 22.Qf5 b6
23.Bg5 Nd7 24.a4 Rab8 25.a5 h6 26.Be3 c5 27.Bd5 Nf6 28.axb6 axb6 29.dxc5 bxc5
30.Rxb8 Rxb8 31.Bf3 Bh2+ 32.Kh1 Be5 33.g4 Qe7 34.Kg2 Re8 35.Bc6 Rf8 36.Bf3 Re8
37.Bc6 Rf8 38.Bd5 Re8 39.Bf3 Qc7 40.h4 g6 41.Qd3 Bf4 42.Bxf4 Qxf4 43.Qd6 Qxd6
44.Rxd6 Kg7 45.Rc6 Re5 46.Kg3 g5 47.hxg5 hxg5 48.Bg2 Ne4+ 49.Bxe4 Rxe4 50.Rxc5 Kf6
51.Rf5+ Ke6 52.c5 f6 53.Kf3 Re1 54.Kg3 Re4 55.Kf3 Re1 56.Kg3 Re4 57.Kf3 Re1  1/2-1/2

[Event "14th Asian Cities"]
[Site "Tagaytay City PHI"]
[Date "2004.03.27"]
[Round "9"]
[White "Situru,N"]
[Black "Irzhanov,R"]
[Result "0-1"]
[WhiteElo "2375"]
[BlackElo "2501"]

1.e4 d6 2.d4 Nf6 3.Nc3 e5 4.dxe5 dxe5 5.Qxd8+ Kxd8 6.Bg5 Be6 7.O-O-O+ Nd7
8.Nf3 Kc8 9.Bh4 h6 10.Bxf6 gxf6 11.a3 c6 12.Bd3 b5 13.Ne2 a5 14.Ng3 Kc7 15.Nh4 Rg8
16.Rhg1 Nc5 17.Rge1 b4 18.axb4 axb4 19.b3 Nxd3+ 20.Rxd3 Bc5 21.Re2 Bd4 22.Kd2 Ra1
23.Nhf5 Bb2 24.Ke3 Rg4 25.f3 Rg8 26.Nh5 Rf1 27.Rf2 Rg1 28.g4 Ra8 29.f4 Rxg4
30.Kf3 Bxf5 31.exf5 Rg1 32.Nxf6 Bd4 33.Re2 Rf1+ 34.Kg2 Rxf4 35.Rf3 Rxf3 36.Kxf3 Ra1
37.Ke4 Rg1 38.Nh5 Rg5 39.Ng3 h5 40.f6 h4 41.Nf5 Rg4+ 42.Kd3 Rf4 43.Nxd4 Rxd4+
44.Ke3 Rd6 45.Rf2 Re6 46.Rf3 c5 47.h3 c4 48.bxc4 Rc6  0-1

[Event "1st Savaria IM"]
[Site "Szombathely HUN"]
[Date "2004.03.29"]
[Round "8"]
[White "Pergel,L"]
[Black "Nemeth,Mi"]
[Result "1/2-1/2"]
[WhiteElo "2343"]
[BlackElo "2366"]

1.e4 d6 2.d4 Nf6 3.Nc3 Nbd7 4.Nf3 e5 5.Be2 c6 6.O-O Be7 7.Re1 O-O 8.Bf1 Re8
9.a4 b6 10.b3 Bb7 11.Ba3 a6  1/2-1/2

[Event "5th ch-EURw"]
[Site "Dresden GER"]
[Date "2004.03.30"]
[Round "9"]
[White "Ciuksyte,D"]
[Black "Mietzner,T"]
[Result "0-1"]
[WhiteElo "2392"]
[BlackElo "2201"]

1.e4 d6 2.d4 Nf6 3.Nc3 e5 4.Nf3 Nbd7 5.Bc4 Be7 6.O-O O-O 7.Re1 c6 8.a4 a5
9.h3 h6 10.Ba2 exd4 11.Nxd4 Nc5 12.Bf4 Qb6 13.Nf5 Bxf5 14.exf5 Rfe8 15.Qd4 Ncd7
16.Qd2 d5 17.Rad1 Bc5 18.Bb3 Bb4 19.Qd3 Nc5 20.Qd4 Rxe1+ 21.Rxe1 Nxa4 22.Qe5 Nxc3
23.bxc3 Bc5 24.Be3 Bxe3 25.Qxe3 Qxe3 26.fxe3 a4  0-1

[Event "30th ch-BAN"]
[Site "Dhaka BAN"]
[Date "2004.03.31"]
[Round "4"]
[White "Murshed,N"]
[Black "Abdul,Mal"]
[Result "1-0"]
[WhiteElo "2436"]
[BlackElo "2250"]

1.e4 d6 2.d4 Nf6 3.Nc3 c6 4.f4 Bg4 5.Qd2 Qc7 6.f5 Nbd7 7.h3 Nxe4 8.Nxe4 Bxf5
9.Bd3 Bxe4 10.Bxe4 d5 11.Bf5 e6 12.Bg4 Qg3+ 13.Kf1 f5 14.Bf3 Qg6 15.Ne2 Bd6
16.Nf4 Qf6 17.Qe2 Kf7 18.c3 Rae8 19.Nh5 Qe7 20.Bf4 g6 21.Bxd6 Qxd6 22.Qd2 gxh5
23.Bxh5+ Kf8 24.Re1 h6 25.Bxe8 Kxe8 26.Qe3 Ke7 27.Ke2 c5 28.Kd1 cxd4 29.Qxd4 Rg8
30.g4 f4 31.Rhf1 Rf8 32.h4 Kd8 33.Qxa7 Kc8 34.Kc1 e5 35.Qa8+ Kc7 36.Qa5+ Nb6
37.Rxe5 Qxe5 38.Qc5+ Kd7 39.Qxb6 Rf6 40.Qxb7+ Ke8 41.Qa8+ Kf7 42.Qa7+ Kg6
43.Qd4 Qxd4 44.cxd4 h5 45.g5 Rf8 46.Kd2 Kf5 47.Kd3 Rc8 48.a4 Kg4 49.g6 Kxh4
50.g7 Rg8 51.Rxf4+ Kg3 52.Rf1 h4 53.Rg1+ Kh2 54.Rg5 h3 55.a5 Kh1 56.b4 h2
57.Rxd5 Rxg7 58.Rh5 Kg2 59.a6 Rg3+ 60.Kc4 Rh3 61.a7 Ra3 62.Ra5 h1=Q 63.a8=Q+ Rf3
64.Rg5+ Kf2 65.Qa2+ Ke3 66.Re5+ Kf4 67.Qd2+ Kg3 68.Qe1+ Qxe1 69.Rxe1 Rf8
70.b5 Rc8+ 71.Kb4 Rd8 72.Kc5 Rc8+ 73.Kb6 Rd8 74.Rd1 Kf4 75.d5 Ke5 76.d6  1-0

[Event "IV Open"]
[Site "Dos Hermanas ESP"]
[Date "2004.04.02"]
[Round "9"]
[White "Fernandez Romero,Ern"]
[Black "Strikovic,A"]
[Result "1-0"]
[WhiteElo "2425"]
[BlackElo "2524"]

1.e4 d6 2.d4 Nf6 3.Nc3 Nbd7 4.g4 h6 5.h4 e5 6.d5 Nc5 7.f3 Be7 8.Be3 Nh7 9.Bb5+ Nd7
10.Bf2 h5 11.g5 g6 12.Qd2 O-O 13.O-O-O f6 14.gxf6 Rxf6 15.Be3 a6 16.Bf1 c5
17.dxc6 bxc6 18.f4 Qa5 19.f5 gxf5 20.Bc4+ Kh8 21.Qg2 Bb7 22.Nf3 Qd8 23.Bg5 fxe4
24.Bxf6+ Nhxf6 25.Ng5 Qf8 26.Nf7+ Kh7 27.Rhg1  1-0

[Event "10th Schloss Open"]
[Site "Werther GER"]
[Date "2004.04.02"]
[Round "1"]
[White "Langer,C"]
[Black "Gelashvili,T"]
[Result "0-1"]
[WhiteElo "2182"]
[BlackElo "2535"]

1.e4 d6 2.d4 Nf6 3.Nc3 Nbd7 4.Nf3 e5 5.dxe5 dxe5 6.Bc4 Be7 7.O-O c6 8.a4 O-O
9.h3 Qc7 10.Qe2 a5 11.Bg5 Nc5 12.Bxf6 Bxf6 13.Qe3 Be7 14.Ne1 Be6 15.Bxe6 Nxe6
16.Ne2 Rad8 17.Nd3 Rd7 18.Qg3 Bf6 19.Ra3 Rfd8 20.Qe3 h6 21.Rb3 c5 22.Rc3 c4
23.Ng3 Bg5 24.Qe1 Nd4 25.b3 Nxc2 26.Rxc2 Rxd3 27.Rxc4 Qb6 28.Rc3 Bd2 29.Rxd3 Bxe1
30.Rxd8+ Qxd8 31.Rxe1 g6 32.Nf1 Qd6 33.g4 Kg7 34.Ng3 Kf6 35.Re3 Kg5 36.Kg2 Kf6
37.Rf3+ Ke6 38.Rc3 Qb4 39.Rd3 Qe1 40.Re3 Qd1 41.Ne2 Kd7 42.Ng3 Kc6 43.Rc3+ Kd6
44.Re3 Kc5 45.Ne2 Kb4 46.Nc3 Qxb3 47.Nd5+ Kxa4  0-1

[Event "30th ch-BAN"]
[Site "Dhaka BAN"]
[Date "2004.04.04"]
[Round "8"]
[White "Murshed,N"]
[Black "Islam,AP"]
[Result "1-0"]
[WhiteElo "2436"]
[BlackElo "2149"]

1.d4 d6 2.e4 Nf6 3.Nc3 e5 4.Nf3 Nbd7 5.Bc4 Be7 6.O-O O-O 7.Re1 c6 8.a4 a5
9.Bg5 Qc7 10.Qd2 Re8 11.Bh4 Nf8 12.Ng5 Ne6 13.Nxe6 Bxe6 14.Bxe6 fxe6 15.dxe5 dxe5
16.Qe2 Qb6 17.Nd1 Rad8 18.Bxf6 Bxf6 19.Qe3 Qd4 20.Kf1 Rd7 21.Qxd4 Rxd4 22.c3 Rd2
23.Re2 Bg5 24.Rxd2 Bxd2 25.Ke2 Rd8 26.b3 Kf7 27.Ra2 Bg5 28.Rc2 Be7 29.Nb2 Bd6
30.Nd3 b6 31.Rd2 Ke7 32.Kd1 Rf8 33.Kc2 Ra8 34.Rd1 Bc7 35.f3 g5 36.h4 gxh4
37.Rh1 Rg8 38.Ne1 Rg7 39.Rxh4 Bd6 40.g4 Bc5 41.Nd3 Bd6 42.Kd2 b5 43.Ke2 bxa4
44.bxa4 Bc7 45.Rh5 Kf6 46.Rh6+  1-0

[Event "30th ch-BAN"]
[Site "Dhaka BAN"]
[Date "2004.04.06"]
[Round "10"]
[White "Hasan,M"]
[Black "Islam,AP"]
[Result "1/2-1/2"]
[WhiteElo "2224"]
[BlackElo "2149"]

1.e4 d6 2.d4 Nf6 3.Nc3 e5 4.dxe5 dxe5 5.Qxd8+ Kxd8 6.Bg5 Bd6 7.Bc4 Be6 8.Bxe6 fxe6
9.O-O-O Ke7 10.Nge2 h6 11.Bh4 Nc6 12.Bg3 g5 13.f3 a6 14.h4 b5 15.Bf2 g4 16.Be3 gxf3
17.gxf3 Nh5 18.Rhg1 Raf8 19.Rdf1 Nf4 20.a3 Rhg8 21.Kd1 Na5 22.Nxf4 exf4 23.Bd4 e5
24.Bf2 c6 25.Kc1 Nc4 26.a4 Ke6 27.h5 Be7 28.Rd1 Rg5 29.Rxg5 hxg5 30.b3 Nd6
31.axb5 axb5 32.Rh1 Rh8 33.Bc5 Ne8 34.Bxe7 Kxe7 35.h6 Kf7 36.Nd1 Nf6 37.Nf2 Kg6
38.Nd3 Nd7 39.Rd1 Rxh6 40.Nf2 Nf6 41.Rd6 Kg7 42.Rxc6 Rh2 43.Rc7+ Kf8 44.Nd3 g4
45.Nxe5 gxf3 46.Nxf3 Rh1+ 47.Kd2 Nxe4+ 48.Kd3 Ng3 49.Kd4 Rf1 50.Ng5 Ke8 51.Rf7 Rc1
52.Rc7 Nf5+ 53.Ke4 Ne3 54.c3 b4 55.c4 Rc3 56.Ne6 f3 57.Kxf3 Nd5+ 58.Ke4 Nxc7
59.Nxc7+ Kd7 60.Na6 Kd6 61.Nxb4 Rxb3 62.Nd3  1/2-1/2

[Event "6th Foxwoods Open"]
[Site "Connecticut USA"]
[Date "2004.04.07"]
[Round "1"]
[White "Foygel,I"]
[Black "Simon,Je"]
[Result "1-0"]
[WhiteElo "2462"]
[BlackElo "2202"]

1.e4 d6 2.d4 Nf6 3.Nc3 c6 4.Nf3 Bg4 5.Be2 e6 6.O-O Be7 7.Be3 O-O 8.Nd2 Bxe2
9.Nxe2 d5 10.e5 Nfd7 11.f4 c5 12.c4 Nc6 13.cxd5 exd5 14.Nf3 cxd4 15.Nfxd4 Nxd4
16.Bxd4 Rc8 17.Kh1 Nc5 18.Bxc5 Bxc5 19.Nc3 d4 20.Ne4 Qd5 21.Qd3 Be7 22.Rae1 Rc6
23.a3 Rd8 24.Nd2 a5 25.f5 Rh6 26.Nf3 Rb6 27.Qd2 d3 28.Rc1 Rc6 29.Rxc6 bxc6
30.Qc3 a4 31.f6 Bf8 32.h3 gxf6 33.exf6 Bd6 34.Qd2 Qf5 35.Nh2 Qg6 36.Ng4 Kh8
37.Nh6 Rd7 38.Re1 Qg3 39.Re8+  1-0

[Event "6th Foxwoods Open"]
[Site "Connecticut USA"]
[Date "2004.04.11"]
[Round "9"]
[White "Adamson,R"]
[Black "Georgiev,Vl"]
[Result "1-0"]
[WhiteElo "2375"]
[BlackElo "2563"]

1.e4 d6 2.d4 Nf6 3.Nc3 e5 4.Nf3 Nbd7 5.Bc4 Be7 6.O-O O-O 7.Re1 c6 8.a4 a5
9.h3 h6 10.b3 Nh7 11.Bb2 Ng5 12.Nxg5 hxg5 13.Ne2 Bf6 14.Ng3 g6 15.Qd2 exd4
16.Bxd4 Ne5 17.Be2 Qc7 18.Rad1 Qe7 19.f4 gxf4  1-0

[Event "77th ch-city"]
[Site "St Petersburg RUS"]
[Date "2004.04.11"]
[Round "11"]
[White "Chepukaitis,G"]
[Black "Feofanov,D"]
[Result "1-0"]
[WhiteElo "2413"]
[BlackElo "2281"]

1.d4 d6 2.e4 Nf6 3.Nc3 e5 4.dxe5 dxe5 5.Qxd8+ Kxd8 6.f4 Bd6 7.f5 h6 8.Nf3 Nbd7
9.Be3 a6 10.Bc4 Ke7 11.a4 b6 12.Nd5+ Kf8 13.Nd2 Bb7 14.Nxf6 Nxf6 15.Bd3 Rd8
16.Ke2 Nd7 17.c3 Bc5 18.b4 Bxe3 19.Kxe3 Ke7 20.Nf3 Ra8 21.Rhd1 a5 22.Bb5 c6
23.Bc4 Rhd8 24.Rxd7+ Rxd7 25.Nxe5 Rc7 26.Bb3 b5 27.Kf4 axb4 28.cxb4 bxa4
29.Bxf7 Bc8 30.Ra3 Bd7 31.Bc4 Be8 32.Nd3 Rd7 33.Ke3 h5 34.e5 Rdd8 35.g3 Bf7
36.e6 Be8 37.h3 Kf6 38.g4 Ra7 39.Nf2 Ke5 40.Be2 hxg4 41.hxg4 g6 42.Bd3 Rb8
43.Be4 Kf6 44.Nd3 Rd8 45.Kf4 gxf5 46.gxf5 Rd4 47.Nf2 Rxb4 48.Rh3 Rbb7 49.Bc2 a3
50.Ne4+ Ke7 51.Bb3 Kd8 52.Rd3+ Kc7 53.Nd6 Rxb3 54.Nxe8+ Kc8 55.Nd6+ Kd8 56.Rxb3 a2
57.Rb8+ Ke7 58.Nc8+ Kf6 59.Nxa7 a1=Q 60.Rf8+ Kg7 61.Rf7+ Kg8 62.Nc8 Qd4+
63.Kg5 Qd8+ 64.Ne7+ Kh8 65.Kg6 Qe8 66.Kh6  1-0

[Event "ACP Blitz Prelim2"]
[Site "playchess.com INT"]
[Date "2004.04.13"]
[Round "5"]
[White "Kobalia,M"]
[Black "Gallegos,Ca"]
[Result "1-0"]
[WhiteElo "2630"]
[BlackElo "2452"]

1.e4 d6 2.d4 Nf6 3.Nc3 c6 4.f4 Qa5 5.Bd3 e5 6.Nf3 Nbd7 7.O-O Be7 8.Kh1 O-O
9.dxe5 dxe5 10.f5 Re8 11.Ne2 Nc5 12.Ng3 Nxd3 13.cxd3 Bf8 14.Bg5 Nd7 15.Nh5 Qb6
16.Qe1 f6 17.Be3 Qxb2 18.Qg3 Qa3 19.Rfd1 Kh8 20.h3 Nc5 21.Nh2 b6 22.Ng4 Ba6
23.Qh4 Nd7 24.d4 Qe7 25.d5 c5 26.d6 Qf7 27.a4 Be2 28.Rd2 Bxg4 29.Qxg4 g6
30.Ng3 Rad8 31.Rf1 Nb8 32.fxg6 Qxg6 33.Qh4 Re6 34.Nf5 Nc6 35.Rf3 Nd4 36.Bxd4 exd4
37.Rg3 Qf7 38.Rf2 Bxd6 39.Rg7 Qxg7 40.Nxg7 Kxg7 41.Qg4+ Kf7 42.Qh5+ Kg8 43.Qd5 Kf7
44.e5 Be7 45.Qc4 d3 46.exf6 Bf8 47.Rd2 a6 48.Rxd3 Rxd3 49.Qxd3 Bd6 50.g4 Kxf6
51.Qxh7 Bf4 52.Qf5+ Ke7 53.Qxf4  1-0

[Event "ACP Blitz Prelim2"]
[Site "playchess.com INT"]
[Date "2004.04.13"]
[Round "7"]
[White "Glek,I"]
[Black "Gallegos,Ca"]
[Result "1/2-1/2"]
[WhiteElo "2571"]
[BlackElo "2452"]

1.e4 d6 2.d4 Nf6 3.Nc3 c6 4.f4 Qa5 5.Bd3 e5 6.Nf3 Nbd7 7.O-O Be7 8.Kh1 O-O
9.Qe1 Re8 10.Be3 Ng4 11.Bd2 Qc7 12.h3 Ngf6 13.fxe5 dxe5 14.dxe5 Nxe5 15.Nxe5 Qxe5
16.Bf4 Qh5 17.e5 Bb4 18.Qg3 Bxc3 19.bxc3 Nd5 20.Rae1 Bf5 21.Bg5 Bxd3 22.cxd3 Nxc3
23.Rf4 Ne2 24.Rxe2 Qxe2 25.Bf6 g6 26.Rf3 Re6 27.Qf4 Rxf6 28.exf6 Qe1+ 29.Kh2 Qe8
30.Re3 Qb8 31.Re5 h6 32.d4 Qf8 33.Re7 Qb8 34.Rc7 a5 35.h4 b5 36.g3 b4 37.Qxh6 Qf8
38.Qxf8+ Kxf8 39.Rxc6 Ke8 40.Kg2 a4 41.Rc1 Kd7 42.Rb1 Rb8 43.Kf3 Ke6 44.Ke4 Kxf6
45.d5 Ke7 46.Ke5 f6+ 47.Kd4 Kd6 48.Re1 b3 49.axb3 axb3 50.Re6+ Kd7 51.Re1 b2
52.Rb1 Kd6 53.g4 Rb4+ 54.Kc3 Rxg4 55.Rxb2 Rxh4 56.Rb6+ Ke5 57.Re6+ Kf5 58.Re1 Rh8
59.Kd4 g5 60.Rf1+ Kg6 61.d6 g4 62.Kd5 Kg5 63.d7 g3 64.Ke6 Rd8 65.Rf5+ Kg4
66.Rxf6 g2 67.Rg6+ Kf3 68.Ke7 Rxd7+ 69.Kxd7 Kf2 70.Ke6 g1=Q 71.Rxg1 Kxg1  1/2-1/2

[Event "ACP Blitz Prelim2"]
[Site "playchess.com INT"]
[Date "2004.04.13"]
[Round "8"]
[White "Kazhgaleyev,M"]
[Black "Gallegos,Ca"]
[Result "1-0"]
[WhiteElo "2596"]
[BlackElo "2452"]

1.d4 d6 2.e4 Nf6 3.Nc3 c6 4.a4 e5 5.Nge2 Be7 6.g3 O-O 7.Bg2 Re8 8.h3 Qc7
9.Be3 Nbd7 10.O-O Nb6 11.b3 a5 12.g4 Bf8 13.Ng3 Nbd7 14.f4 exd4 15.Bxd4 b6
16.g5 Nxe4 17.Ncxe4 d5 18.Nf2 Qxf4 19.Qg4 Qd2 20.Rad1 Qxc2 21.Qf4 Nc5 22.Ng4 Bxg4
23.Qxf7+ Kh8 24.hxg4 Ne6 25.Be3 Qxb3 26.Nf5 Re7 27.Nxe7 Qxe3+ 28.Kh1 Bxe7
29.Qxe7  1-0

[Event "ACP Blitz Prelim2"]
[Site "playchess.com INT"]
[Date "2004.04.13"]
[Round "10"]
[White "Naiditsch,A"]
[Black "Gallegos,Ca"]
[Result "1/2-1/2"]
[WhiteElo "2571"]
[BlackElo "2452"]

1.e4 d6 2.d4 Nf6 3.Nc3 c6 4.Nf3 Qa5 5.Bd3 e5 6.O-O Be7 7.Bd2 Qc7 8.h3 O-O
9.a4 Re8 10.Bc4 h6 11.Re1 Bf8 12.a5 b5 13.axb6 Qxb6 14.Be3 Qxb2 15.Qd2 Qb7
16.Reb1 Qc7 17.dxe5 dxe5 18.Qe2 Be6 19.Bxe6 Rxe6 20.Qc4 Nbd7 21.Ra6 Qc8 22.Rba1 Ne8
23.Rxa7 Rxa7 24.Rxa7 Nd6 25.Qa2 Nb5 26.Nxb5 cxb5 27.Kh2 Re7 28.Nh4 Nf6 29.Ra8 Qc4
30.Qxc4 bxc4 31.Nf5 Re8 32.Rxe8 Nxe8 33.f3 Nd6 34.Nxd6 Bxd6 35.Kg1 Kf8 36.Kf2 Ke7
37.Ke2 Kd7 38.g4 Kc6 39.h4 Bc5 40.Bd2 Be7 41.h5 Bg5 42.Bb4 g6 43.Bf8 gxh5
44.gxh5 Kd7 45.Kf2 Ke6 46.Kg3 f5 47.Kf2 fxe4 48.fxe4 Kf7 49.Bc5 Bf4 50.Kf3 Kf6
51.Kg4 Bg5 52.Bb6 Ke6 53.Ba5 Bf4 54.Bd8 Bc1 55.Kf3 Bf4 56.Bh4 Bc1 57.Ke2 Bf4
58.Kd1 Be3 59.c3 Bf4 60.Kc2 Be3 61.Kb2 Bc5 62.Be1 Kf6 63.Bd2 Bf8 64.Kc2 Ke6
65.Kd1 Kf6 66.Ke2 Ke6 67.Kf3 Kf6 68.Kg4 Ke6 69.Bc1 Kf6 70.Be3 Ke6 71.Bb6 Kf6
72.Be3 Ke6 73.Bd2 Kf6 74.Be3  1/2-1/2

[Event "ACP Blitz Prelim2"]
[Site "playchess.com INT"]
[Date "2004.04.13"]
[Round "12"]
[White "Erenburg,S"]
[Black "Gallegos,Ca"]
[Result "1-0"]
[WhiteElo "2513"]
[BlackElo "2452"]

1.e4 d6 2.d4 Nf6 3.Nc3 c6 4.f4 Qa5 5.Bd3 e5 6.Nf3 Nbd7 7.O-O Be7 8.Kh1 O-O
9.Be3 Re8 10.Qd2 Qc7 11.a4 a5 12.Rae1 b6 13.Bg1 Bb7 14.dxe5 dxe5 15.fxe5 Ng4
16.e6 fxe6 17.Bc4 Nf8 18.Nd4 Bf6 19.Be2 Ne5 20.Qe3 Rad8 21.Rd1 c5 22.Ndb5 Qe7
23.Qh3 Nfg6 24.Be3 Nf8 25.Qg3 Rxd1 26.Rxd1 Rd8 27.Rf1 Nc6 28.Bf4 e5 29.Bc4+ Kh8
30.Bh6 Nd4 31.Rxf6 Qxf6 32.Bg5 Ne2 33.Bxe2 Qf7 34.Bxd8 Ne6 35.Bxb6 Nf4 36.Bf3 Qc4
37.Qe1 Qb4 38.Qd1  1-0